000 00932nam a2200169 4500
999 _c1318
_d1318
020 _a9780256115598
050 _aT56.24
_b.L67
100 _aLofti, Vahid
245 _aDecision Support Systems For Operations Management And Management Science
250 _a3rd ed.
260 _aBoston,:
_bMcGraw-Hill/Irwin;
_c1997.
300 _axiii,480 p.
_bill;,
_c27 cm.
500 _aIncludes indexes.
505 _aInstallation and overview, Starting DSSOMS,Decision Analysis with Tables,Decision Analysis with Trees, Time Series Forecasting,Multiple Regression, Location Analysis,Layout Analysis, Line Balancing, Linear Programming, General Integer Programming,Assignment Method, Production Planning, quality Assurance, Inventory Analysis 1, Inventory Analysis 11, Materials requirement Planning, Job Shop Scheduling, Project Management, Queuing Analysis, Markov Analysis, Network Flow Models.
700 _aPegels, Carl C.
942 _cBK